| 000 | 00370nam a2200133 a 4500 | ||
|---|---|---|---|
| 001 | 000005667 | ||
| 005 | 20200929151734.0 | ||
| 008 | 090821s1963 dr 000 0 spa d | ||
| 040 |
_aDO-SdBNP _bspa _cBNPHU |
||
| 245 | 0 | 0 | _aPro patria. |
| 260 |
_aSanto Domingo : _bPublicaciones de la Logia Cuna de América, _bMontalvo, _c1963. |
||
| 300 |
_a18 p. ; _c24 cm. |
||
| 049 | _aBNPD | ||
| 999 |
_c5465 _d5465 |
||